| 000 | 01679nam a22003495i 4500 | ||
|---|---|---|---|
| 001 | 17944129 | ||
| 003 | OSt | ||
| 005 | 20230605105618.0 | ||
| 008 | 121005s2012 ne b 000 0 eng | ||
| 020 | _a9058508722 (pbk.) | ||
| 020 | _a9789058508720 | ||
| 035 | _a(cou)812251007 | ||
| 035 | _a(CaONFCNI)cou23424602 | ||
| 040 |
_aDLC _beng _cDLC _erda |
||
| 042 | _apcc | ||
| 082 |
_a328.373 _bJAJ |
||
| 100 | 1 | _aJaja, Tonye Clinton. | |
| 245 | 1 | 0 |
_aLegislative drafting : _ban introduction to theories and principles / _cTonye Clinton Jaja. |
| 264 | 1 |
_aOisterwijk : _bWolf Legal Publishers, _c2012. |
|
| 300 |
_axii, 256 pages ; _c24 cm |
||
| 336 |
_atext _2rdacontent |
||
| 337 |
_aunmediated _2rdamedia |
||
| 338 |
_avolume _2rdacarrier |
||
| 505 | 0 | 0 |
_tDrafting and legal basis for regulatory framework for effectiveness of legislation in Nigeria & definition of terminology -- _tTowards a regulatory framework for definition of "effectiveness" in drafting legislation in Nigeria -- _tPromoting effectiveness through a regulatory framework for drafting instructions and instructions -- _tRegulatory framework for efficiency in allocation of responsibilities among drafting institutions in Nigeria and legislative programme -- _tRegulatory framework for improvement of effectiveness in setting law drafting standards for pre-legislative scrutiny of legislation -- _tTeaching legislative drafting : the necessity for clinical legal education. |
| 650 | 0 | _aBill drafting. | |
| 650 | 0 | _aLegislation. | |
| 650 | 0 |
_aBill drafting _zNigeria. |
|
| 650 | 0 |
_aLegislation _zNigeria. |
|
| 906 |
_a0 _bibc _corigres _du _encip _f20 _gy-gencatlg |
||
| 942 |
_2ddc _cBK |
||
| 999 |
_c277 _d277 |
||